| 000 | 01135nam a22003137a 4500 | ||
|---|---|---|---|
| 001 | BR8707589 | ||
| 003 | BR-BrBNA | ||
| 005 | 20230928092753.0 | ||
| 007 | ta | ||
| 008 | 230509b bl.||||| |||| 00| 0 por d | ||
| 040 |
_aBR-BrBNA _bpor _cBiblioteca Nacional de Agricultura |
||
| 041 | _a(Por) | ||
| 072 |
_aP33 _b1930 _b/G514 |
||
| 090 | _ 1930 BR8707589 | ||
| 100 | 1 | _aFonseca, D.M. da | |
| 110 | 1 |
_aUniversidade Federal de Vicosa, MG (Brasil) _0Tese (Magister Scientiae) |
|
| 245 | 1 | _aNiveis criticos de fosforo em amostras de solos para o estabelecimento de Andropogon gayanus, Brachiaria decumbens e Hyparrhenia rufa | |
| 246 | 1 | _a[Critical levels of phosphorus in soil samples for the stablishment of Andropogon gayanus, Brachiaria decumbens and hyparrhenia rufa] | |
| 260 | 3 |
_aVicosa, MG (Brasil): _c1987. |
|
| 300 | _a146 p. | ||
| 500 | _a9 illus.; 57 tables; Bibliography p. 126-136 (105 ref.); Summary (Por) | ||
| 650 | _aCAPIM ANDROPOGON | ||
| 650 | _aCAPIM BRACHIARIA | ||
| 650 | _aCAPIM JARAGUA | ||
| 650 | _aFOSFORO | ||
| 650 | _aQUIMICA DO SOLO | ||
| 909 |
_a202309 _bLucia _c55 _dLucia Elande |
||
| 942 | _cBK | ||
| 999 |
_c41093 _d41093 |
||